000 00614nam a22001937a 4500
999 _c180497
_d180497
005 20210810150745.0
010 _aENG-129737
020 _a9789353948177
_c335.00
035 _aEN-113269
037 _bDBAD/PUB
082 _a327.54
100 _aYadav, R.S.
245 _aIndia's foreign policy:
_bpost-cold war years /
_cby R.S. Yadav
260 _aNoida
_bPearson
_c2021
270 _a15th Floor, Tower-B, World Trade Tower, Plot No.1, Block-C, Sector-16
_bNoida
_e201301
300 _ax, 284p.
_c23cm(pbk)
500 _ainclude bibliographical references
942 _2ddc
_cEN
_h327.54
_mYAD